El mensajero de Agartha 10: (Registro nro. 60041)
[ vista simple ]
| 000 -LDR (LÍDER) | |
|---|---|
| fixed length control field | 00820nam a22002535a 4500 |
| 008 - FIXED-LENGTH DATA ELEMENTS--GENERAL INFORMATION | |
| fixed length control field | 200923s2018 ck gr 000 fdspa d |
| 020 ## - ISBN | |
| ISBN | 9789584271761 |
| 040 ## - FUENTE DE CATALOGACIÓN | |
| Agencia catalogadora original | CO-BoBLA |
| Idioma de la agencia catalogadora | spa |
| Agencia que transcribe | CO-BoBLA |
| Norma para la descripción | rda |
| 082 04 - Clasificación Dewey | |
| Clasificación Dewey | Co863.6 |
| Clave de autor | M539ve |
| Edition number | 23 |
| 084 ## - Clasificación facetada | |
| Número de clasificación | N MEN1 |
| 100 0# - Autor | |
| Nombre | Mendoza, Mario, |
| Fechas asociadas al nombre | 1964- |
| 9 (RLIN) | 65101 |
| Termino relación | autor |
| 245 13 - Título | |
| Título | El mensajero de Agartha 10: |
| Subtítulo | el verdadero horror del lobo feroz / |
| Mención de responsabilidad | Mario Mendoza. |
| 250 ## - Edición | |
| Edición | Tercera edición |
| 264 #4 - Pie de imprenta | |
| Ciudad de publicación | Bogotá : |
| Editorial | Editorial Planeta Colombia, |
| Año | 2023 |
| 300 ## - Descripción física | |
| Extensión | 182 páginas ; |
| Dimensiones | 21 cm. |
| 336 ## - Tipo de Contenido | |
| Tipo de contenido | texto |
| Código de tipo de contenido | txt |
| Fuente | rdacontenido |
| 337 ## - Tipo de Medio | |
| Tipo de Medio | no mediado |
| Código de tipo de medio | n |
| Fuente | rdamedio |
| 338 ## - Tipo de soporte | |
| Tipo de soporte | volumen |
| Código de tipo de soporte | nc |
| Fuente | rdasoporte |
| 490 1# - Serie | |
| Serie | El mensajero de Agartha |
| Volumen | 10 |
| 650 #7 - Asiento secundario de materia - término temático | |
| Encabezamiento temático | Novela juvenil. |
| Fuente del encabezado o término | BLAAUTO |
| 942 ## - Información adicional | |
| Tipo de material | Libro Literatura |
| 650 #7 - Asiento secundario de materia - término temático | |
| -- | 315 |
| Estado de pérdida | Fuente del sistema de clasificación o colocación | Estado de daño | Koha normalized classification for sorting | Not for loan | Biblioteca | Biblioteca actual | Localización | Fecha de adquisición | Koha issues (times borrowed) | Signatura topográfica | Código de barras | Koha date last seen | Price effective from | Tipo de ítem | Colección | Ejemplar |
|---|---|---|---|---|---|---|---|---|---|---|---|---|---|---|---|---|
| Dewey Decimal Classification | N_MEN1 | Biblioteca Pública Dorado | Biblioteca Pública Dorado | 02/17/2026 | N MEN1 | DOR03270 | 02/17/2026 | 02/17/2026 | LIbro | |||||||
| Dewey Decimal Classification | CO_863_600000000000000_M539VE | Biblioteca Pública José Eustasio Rivera - San Martin | Biblioteca Pública José Eustasio Rivera - San Martin | General | 03/11/2026 | Co863.6 M539ve | SM04477 | 03/11/2026 | 03/11/2026 | LIbro | Colección General | |||||
| Dewey Decimal Classification | CO_863_600000000000000_M539VE | Biblioteca Pública Puerto López - Jorge Eliecer Gaitán | Biblioteca Pública Puerto López - Jorge Eliecer Gaitán | General | 02/14/2026 | Co863.6 M539ve | PLZ02660 | 02/14/2026 | 02/14/2026 | Libro Literatura | Literatura General | |||||
| Dewey Decimal Classification | CO_863_600000000000000_M539VE | Biblioteca Pública Departamental Eduardo Carranza - Villavicencio | Biblioteca Pública Departamental Eduardo Carranza - Villavicencio | Literatura | 12/02/2025 | Co863.6 M539ve | eca28789 | 12/02/2025 | 12/02/2025 | LIbro | ||||||
| Dewey Decimal Classification | CO_863_600000000000000_M539VE | Biblioteca Pública Germán Arciniegas - Villavicencio | Biblioteca Pública Germán Arciniegas - Villavicencio | General | 02/25/2026 | Co863.6 M539ve | 33543 | 02/25/2026 | 02/25/2026 | LIbro | Sala General Segundo Piso | Ej.10 | ||||
| Dewey Decimal Classification | N_MEN1 | Biblioteca Pública Guamal | Biblioteca Pública Guamal | Literatura | 03/17/2026 | N MEN1 | GUA005090 | 03/17/2026 | 03/17/2026 | Libro Literatura | Colección General | |||||
| Dewey Decimal Classification | CO_863_600000000000000_M539VE | Biblioteca Pública Mapiripan | Biblioteca Pública Mapiripan | Literatura | 04/13/2026 | Co863.6 M539ve | MAP00004689 | 04/13/2026 | 04/13/2026 | Libro Literatura | Literatura General | |||||
| Dewey Decimal Classification | CO_863_600000000000000_M539VE | Biblioteca Pública Rural El Yarí- vereda Playa Rica La Macarena | Biblioteca Pública Rural El Yarí- vereda Playa Rica La Macarena | Literatura | 04/20/2026 | Co863.6 M539ve | 9789584271761 | 05/11/2026 | 05/11/2026 | Libro Literatura | ||||||
| Clasificación Local Facetada | N M E N1 | Biblioteca Pública San Juanito - Ernesto Maria Peña Romero | Biblioteca Pública San Juanito - Ernesto Maria Peña Romero | Literatura | 12/17/2025 | N MEN1 | SJU02480 | 12/17/2025 | 12/17/2025 | Libro Literatura | Literatura General | |||||
| Clasificación Local Facetada | N M E N1 | Biblioteca Pública San Juanito - Ernesto Maria Peña Romero | Biblioteca Pública San Juanito - Ernesto Maria Peña Romero | Literatura | 02/25/2026 | N MEN1 | SJU02818 | 02/25/2026 | 02/25/2026 | Libro Literatura | Literatura General |